[Event "IECG CP.2001.P.00045"]
[Site "IECG email"]
[Date "2001.10.01"]
[Round "?"]
[White "Kirpikov, Alexander Leonidovi"]
[Black "Hoffman, Gerald E"]
[Result "1-0"]
[WhiteElo "1900"]
[BlackElo "1103"]
[PlyCount "131"]
[EventDate "2001.10.01"]
[EventType "tourn (corr)"]
[EventRounds "6"]
[SourceTitle "Corr 2008"]
[Source "ChessBase"]
[SourceDate "2008.06.24"]
[SourceVersion "1"]
[SourceVersionDate "2008.06.24"]
[SourceQuality "1"]

1. Nf3 c5 2. g3 b6 3. Bg2 Bb7 4. 0-0 g6 5. d4 cxd4 6. Qxd4 Nf6 7. e4 Bxe4 8. Re1 Nc6 9. Qc3 Rg8 10. Nbd2 Bxf3 11. Nxf3 Bg7 12. Qb3 Rc8 13. Bf4 Kf8 14. Ng5 e6 15. Rad1 Rh8 16. Qa4 Na5 17. Bf1 h6 18. Nf3 d5 19. Ba6 Nd7 20. Bxc8 Qxc8 21. b3 g5 22. Be3 Qc6 23. Qa3+ Kg8 24. Bd4 f6 25. Qe7 e5 26. c4 dxc4 27. Bxe5 Nxe5 28. Nxe5 fxe5 29. b4 Qf6 30. Qd7 Bf8 31. bxa5 Rh7 32. Qc8 Rf7 33. Rf1 b5 34. a4 bxa4 35. Qxc4 a3 36. Rd2 Qf5 37. Rd5 g4 38. Qb5 Bg7 39. Qb3 Bf8 40. Qe3 Qf3 41. Qxe5 Bg7 42. Qe6 Kh7 43. Rdd1 Qf5 44. Qc4 Rf6 45. Rd5 Qg6 46. Rfd1 a6 47. Qa4 Rf3 48. Rd7 Qe6 49. Qc2+ Qg6 50. Qc1 Qg5 51. Qc4 Rf6 52. Qc7 Kh8 53. Rd8+ Rf8 54. Rxf8+ Bxf8 55. Rd8 Qf5 56. Qe7 Kg8 57. Qxa3 Qb1+ 58. Kg2 Qe4+ 59. Kf1 Qb1+ 60. Ke2 Qe4+ 61. Qe3 Qc2+ 62. Kf1 Qb1+ 63. Qe1 Qg6 64. Kg1 Qf5 65. Qb4 Kg7 66. Qb7+ 1-0

[Event "IECC CL6-2001.22"]
[Site "IECC email"]
[Date "2001.06.30"]
[Round "?"]
[White "Hoffman, Gerald E"]
[Black "Colard, Eric"]
[Result "1-0"]
[WhiteElo "1166"]
[BlackElo "1218"]
[PlyCount "33"]
[EventDate "2001.??.??"]
[EventType "tourn (corr)"]
[EventRounds "4"]
[SourceTitle "Corr 2008"]
[Source "ChessBase"]
[SourceDate "2008.06.24"]
[SourceVersion "1"]
[SourceVersionDate "2008.06.24"]
[SourceQuality "1"]

1. e4 e5 2. Nf3 Nf6 3. d4 exd4 4. e5 Ne4 5. Qxd4 d5 6. exd6 Nxd6 7. Bd3 Nc6 8. Qf4 g6 9. 0-0 Bg7 10. Re1+ Be6 11. Nc3 Bxc3 12. bxc3 Qd7 13. Qf6 Rg8 14. Ng5 Qe7 15. Nxh7 0-0-0 16. Qxe7 Nxe7 17. Bg5 1-0

[Event "IECG CN.2001.0.00241"]
[Site "IECG email"]
[Date "2001.04.01"]
[Round "?"]
[White "Hennings, Wolfgang"]
[Black "Hoffman, Gerald E"]
[Result "0-1"]
[WhiteElo "988"]
[BlackElo "800"]
[PlyCount "108"]
[EventDate "2001.04.01"]
[EventType "tourn (corr)"]
[EventRounds "6"]
[SourceTitle "Corr 2008"]
[Source "ChessBase"]
[SourceDate "2008.06.24"]
[SourceVersion "1"]
[SourceVersionDate "2008.06.24"]
[SourceQuality "1"]

1. d4 Nf6 2. c4 g6 3. Nc3 Bg7 4. e4 d6 5. Nf3 0-0 6. Be2 e5 7. dxe5 dxe5 8. Qxd8 Rxd8 9. Bg5 Re8 10. Nd5 Nxd5 11. cxd5 c6 12. Bc4 cxd5 13. Bxd5 Nd7 14. Nd2 Nc5 15. 0-0-0 Be6 16. Kb1 Rac8 17. f3 h6 18. Be3 b6 19. h4 Bxd5 20. exd5 Red8 21. Nc4 e4 22. fxe4 Nxe4 23. Na3 Rd7 24. Rd3 f5 25. Rc1 Rcd8 26. Nb5 Be5 27. Rcd1 f4 28. Bg1 Nf6 29. Nxa7 Rxd5 30. Kc2 R8d6 31. a4 Kf7 32. b4 Rxd3 33. Rxd3 Nd5 34. Kb3 Ke6 35. Nb5 Rc6 36. Rd1 g5 37. hxg5 hxg5 38. Bd4 Kf5 39. Re1 Bf6 40. Bf2 Kg4 41. a5 bxa5 42. bxa5 Ra6 43. Kc4 Rxa5 44. Nd6 Bg7 45. Ne4 Nf6 46. Nc3 Nd7 47. Bd4 Ne5+ 48. Bxe5 Bxe5 49. Nb5 Kf5 50. Re2 g4 51. Rf2 Ra1 52. Kd5 Re1 53. Nd4+ Bxd4 54. Kxd4 Rd1+ 0-1

[Event "IECG CN.2001.0.00241"]
[Site "IECG email"]
[Date "2001.04.01"]
[Round "?"]
[White "Hoffman, Gerald E"]
[Black "Petrie, Douglas"]
[Result "1-0"]
[WhiteElo "800"]
[BlackElo "933"]
[PlyCount "79"]
[EventDate "2001.04.01"]
[EventType "tourn (corr)"]
[EventRounds "6"]
[SourceTitle "Corr 2008"]
[Source "ChessBase"]
[SourceDate "2008.06.24"]
[SourceVersion "1"]
[SourceVersionDate "2008.06.24"]
[SourceQuality "1"]

1. e4 e6 2. d4 d5 3. Nd2 Nf6 4. e5 Ne4 5. Bd3 Nxd2 6. Bxd2 c5 7. dxc5 Nc6 8. Nf3 Bxc5 9. 0-0 Qb6 10. Rb1 Bd7 11. b4 Be7 12. a4 a6 13. a5 Qc7 14. Qe2 f6 15. exf6 Bxf6 16. Ng5 Ke7 17. Nxh7 Nd4 18. Qh5 Bb5 19. Qg6 Rag8 20. Rfe1 Bxd3 21. cxd3 Qb8 22. Rbc1 Qd6 23. Be3 Re8 24. h3 Rxh7 25. Bxd4 Bxd4 26. Rc7+ Kd8 27. Rc8+ Kxc8 28. Qxe8+ Kc7 29. Rc1+ Qc6 30. Qe7+ Kb8 31. Rxc6 bxc6 32. Qe8+ Kc7 33. Qf7+ Kd6 34. Qf4+ Be5 35. Qf8+ Kd7 36. Qf7+ Kd6 37. Qg8 Bc3 38. Qxh7 Bxb4 39. Qxg7 Bxa5 40. h4 1-0

[Event "IECG CN.2001.0.00241"]
[Site "IECG email"]
[Date "2001.04.01"]
[Round "?"]
[White "McCammon, Robin"]
[Black "Hoffman, Gerald E"]
[Result "0-1"]
[WhiteElo "903"]
[BlackElo "800"]
[PlyCount "104"]
[EventDate "2001.04.01"]
[EventType "tourn (corr)"]
[EventRounds "6"]
[SourceTitle "Corr 2008"]
[Source "ChessBase"]
[SourceDate "2008.06.24"]
[SourceVersion "1"]
[SourceVersionDate "2008.06.24"]
[SourceQuality "1"]

1. d4 Nf6 2. c4 g6 3. Nc3 Bg7 4. e4 d6 5. Nf3 0-0 6. Be2 Na6 7. 0-0 e5 8. dxe5 dxe5 9. Nxe5 Nxe4 10. Nxe4 Bxe5 11. Qxd8 Rxd8 12. Rd1 Rxd1+ 13. Bxd1 Bf5 14. Bf3 Nb4 15. Nc5 Re8 16. Nxb7 Nc2 17. Rb1 Na3 18. Ra1 Nxc4 19. g4 Bd3 20. Nc5 Nxb2 21. Nd7 Nc4 22. Nxe5 Nxe5 23. Bd1 c5 24. f4 Nc4 25. Kf2 a5 26. h4 Kg7 27. Bf3 f5 28. g5 h5 29. Bc6 Re2+ 30. Kf3 Rh2 31. Kg3 Rc2 32. Bb5 Kf7 33. Bxc4+ Bxc4 34. Be3 Bxa2 35. Bxc5 a4 36. Bd6 Ke6 37. Bf8 Rc3+ 38. Kf2 Bb3 39. Re1+ Kd5 40. Re5+ Kd4 41. Bg7 Rc2+ 42. Kf3 Bd5+ 43. Kg3 Kc4 44. Re3 Rg2+ 45. Kh3 Rg4 46. Rc3+ Kb5 47. Be5 Bg2+ 48. Kh2 Bf1 49. Rc7 Rxh4+ 50. Kg1 Bc4 51. Rb7+ Kc5 52. Rg7 a3 0-1

[Event "IECC CL7-2001.04"]
[Site "IECC email"]
[Date "2001.02.02"]
[Round "?"]
[White "Hoffman, Gerald E"]
[Black "O'Brien, Kenneth"]
[Result "1-0"]
[WhiteElo "1121"]
[BlackElo "935"]
[PlyCount "43"]
[EventDate "2001.??.??"]
[EventType "tourn (corr)"]
[EventRounds "4"]
[SourceTitle "Corr 2008"]
[Source "ChessBase"]
[SourceDate "2008.06.24"]
[SourceVersion "1"]
[SourceVersionDate "2008.06.24"]
[SourceQuality "1"]

1. e4 e5 2. Nf3 Nc6 3. Bc4 Nf6 4. d4 exd4 5. 0-0 d6 6. Nxd4 Nxd4 7. Qxd4 c5 8. Qd3 a6 9. Nc3 Ng4 10. Bf4 Qh4 11. Bxd6 Bxd6 12. Qxd6 Be6 13. Bxe6 fxe6 14. Qxe6+ Kf8 15. Qd6+ Kf7 16. Qf4+ Ke6 17. Qf5+ Ke7 18. Nd5+ Kd6 19. Qf4+ Kc6 20. Qc7+ Kb5 21. a4+ Kc4 22. b3+ 1-0

[Event "IECG CN.2000.0.00225"]
[Site "IECG email"]
[Date "2000.12.01"]
[Round "?"]
[White "Hoffman, Gerald E"]
[Black "Zednik, Martin"]
[Result "1/2-1/2"]
[WhiteElo "800"]
[BlackElo "800"]
[PlyCount "187"]
[EventDate "2000.12.01"]
[EventType "tourn (corr)"]
[EventRounds "6"]
[SourceTitle "Corr 2008"]
[Source "ChessBase"]
[SourceDate "2008.06.24"]
[SourceVersion "1"]
[SourceVersionDate "2008.06.24"]
[SourceQuality "1"]

1. e4 e5 2. Nf3 Nc6 3. Bc4 Bc5 4. d4 Bxd4 5. c3 Bb6 6. Qd5 Qe7 7. Bg5 f6 8. Bh4 d6 9. Nbd2 Na5 10. 0-0 Nxc4 11. Nxc4 Qe6 12. a4 Ne7 13. Qd3 d5 14. Rfd1 c6 15. Nxb6 axb6 16. c4 d4 17. Bg3 0-0 18. b4 c5 19. b5 Qf7 20. Nd2 Be6 21. Rdc1 Rfd8 22. f3 Ra7 23. Qc2 Qg6 24. f4 exf4 25. Bxf4 Rd7 26. Ra3 Qh5 27. Bg3 Ng6 28. Nf3 Ra8 29. Re1 Qg4 30. Nd2 Nf4 31. h3 Qg5 32. Bxf4 Qxf4 33. Rf1 Qh4 34. Raf3 Bf7 35. Qb3 Bg6 36. R1f2 Rdd8 37. Kh2 Qg5 38. Qc2 Qe5+ 39. g3 Rd6 40. Ra3 Rdd8 41. Rff3 Qh5 42. Kg2 Ra7 43. Ra1 Bf7 44. Re1 Be6 45. g4 Qg6 46. Rg3 Ra5 47. Rf1 Ra7 48. Rff3 Kh8 49. Kh2 Qg5 50. Rf2 Rda8 51. Ra3 Ra5 52. Nf3 Qg6 53. Kg2 Bg8 54. Kg1 Qf7 55. Nd2 Rf8 56. e5 Qe6 57. exf6 Rxf6 58. Rxf6 Qxf6 59. Rf3 Qh6 60. Kg2 Ra8 61. Rf2 Re8 62. Nf1 Re1 63. Rf8 Qe6 64. Kf2 Ra1 65. Qe2 Qxe2+ 66. Kxe2 Rxa4 67. Nd2 h6 68. Rd8 Ra2 69. Kd1 Ra1+ 70. Kc2 Ra3 71. Rb8 Rxh3 72. Rxb7 Be6 73. Rxb6 Rc3+ 74. Kb2 Bxc4 75. Rb8+ Kh7 76. b6 Bd3 77. b7 Rc2+ 78. Kb3 Rxd2 79. Rh8+ Kxh8 80. b8Q+ Kh7 81. Qf4 c4+ 82. Kb4 c3 83. g5 h5 84. Qxd4 c2 85. g6+ Kxg6 86. Qd6+ Kf5 87. Qd7+ Ke4 88. Qe7+ Kf5 89. Qd7+ Kf4 90. Qc7+ Kf3 91. Qf7+ Ke3 92. Qe7+ Kf3 93. Qf7+ Kg2 94. Qd5+ 1/2-1/2

[Event "IECC M email"]
[Site "IECC email"]
[Date "2000.11.20"]
[Round "?"]
[White "Hoberg, Isabelle"]
[Black "Hoffman, Gerald E"]
[Result "0-1"]
[WhiteElo "1033"]
[BlackElo "1238"]
[PlyCount "72"]
[EventDate "2000.??.??"]
[EventType "tourn (corr)"]
[EventRounds "2"]
[SourceTitle "Corr 2008"]
[Source "ChessBase"]
[SourceDate "2008.06.24"]
[SourceVersion "1"]
[SourceVersionDate "2008.06.24"]
[SourceQuality "1"]

1. e4 d6 2. f4 Nf6 3. Nf3 Nxe4 4. Nc3 Nxc3 5. dxc3 g6 6. Bc4 Bg7 7. Be3 0-0 8. 0-0 c5 9. Nh4 e6 10. Bf2 d5 11. Be2 b6 12. Bf3 Bf6 13. g3 Bxh4 14. gxh4 Ba6 15. Re1 Qf6 16. Qd2 Nc6 17. Be3 Qxh4 18. Qg2 Ne7 19. b3 Nf5 20. Bg4 Nxe3 21. Rxe3 Qf6 22. Rf3 Bb7 23. Rf2 Qxc3 24. Raf1 f5 25. Bh5 b5 26. Rf3 d4 27. Qg5 Bxf3 28. Rxf3 Qe1+ 29. Kg2 Qe2+ 30. Kg1 Kh8 31. Rh3 gxh5 32. Rg3 Rf7 33. h3 Qxc2 34. Rg2 d3 35. Qxh5 Rg8 36. Rxg8+ Kxg8 0-1

[Event "IECC M email"]
[Site "IECC email"]
[Date "2000.11.20"]
[Round "?"]
[White "Hoffman, Gerald E"]
[Black "Hoberg, Isabelle"]
[Result "1-0"]
[WhiteElo "1230"]
[BlackElo "1041"]
[PlyCount "69"]
[EventDate "2000.??.??"]
[EventType "tourn (corr)"]
[EventRounds "2"]
[SourceTitle "Corr 2008"]
[Source "ChessBase"]
[SourceDate "2008.06.24"]
[SourceVersion "1"]
[SourceVersionDate "2008.06.24"]
[SourceQuality "1"]

1. Nf3 d5 2. g3 Nc6 3. Bg2 e5 4. d3 Bf5 5. 0-0 e4 6. Nh4 Qd7 7. c4 dxc4 8. Nxf5 Qxf5 9. dxe4 Qf6 10. Nc3 Bc5 11. Nd5 Qd6 12. Bf4 Qd8 13. Nxc7+ Ke7 14. Qd5 Qxd5 15. exd5 Nd4 16. Nxa8 Nf6 17. Be3 Rxa8 18. Rfd1 Nxe2+ 19. Kf1 Bxe3 20. d6+ Ke8 21. fxe3 Nxg3+ 22. hxg3 Rd8 23. Bxb7 Ng4 24. Bc6+ Kf8 25. Ke2 Ne5 26. Bb5 a6 27. Bxa6 Nd3 28. Rxd3 cxd3+ 29. Bxd3 g6 30. a4 Rxd6 31. a5 Rd7 32. a6 Ra7 33. b4 Ke7 34. b5 Kd7 35. b6 1-0